000 00581nam a2200217Ia 4500
003 OSt
005 20221005132305.0
006 a|||||r|||| 00| 0
007 ta
008 221004b |||||||| |||| 00| 0 tam d
024 _a46196
037 _cTextual
040 _aCRL
_cCRL
_btam
041 _2tam
_atam
082 _aDelta25xM23,1, 31G3.1-.12
100 _aSwamy Ramalinga
_9640871
245 0 _aThiraratpa
650 _aTAMIL LITERATURE
942 _hDelta25xM23,1, 31G3.1-.12
_cTEXL
_2cc
999 _c1063156
_d1063156